Das grobe buch der schmetterlinge : (Registro nro. 2307)

Detalles MARC
000 -CABECERA
Campo de control 00643nam a2200217 i 4500
005 - FECHA Y HORA DE LA ULTIMA TRANSACCION
Campo de control 20191224041631.0
008 - ELEMENTOS DE LONGITUD FIJA—INFORMACION GENERAL
Campo de control 140305b1974 enk||||| |||| 00| 0 ger d
040 ## - FUENTE DE CATALOGACIÓN
Agencia catalogadora original CO-BoIAVH
Agencia transcriptora CO-BoIAVH
041 0# - IDIOMA
Código de idioma para texto/pista de sonido o título separado Alemán
044 ## - PAÍS DE PUBLICACIÓN
País de publicación Inglaterra
082 04 - NUMERO DE CLASIFICACION DECIMAL DEWEY
Número de clasificación 595.789
Número del ítem L67g
100 ## - ASIENTO PRINCIPAL--NOMBRE PERSONAL
Nombre personal Lewis, Von H. L.
9 (RLIN) 15456
245 14 - MENCION DE TITULO
Título Das grobe buch der schmetterlinge :
Parte restante del título Die Tagfalter der welt
Mención de responsabilidad Von H. L. Lewis.
260 ## - PUBLICACION, DISTRIBUCION, ETC. (PIE DE IMPRENTA)
Lugar de publicación, distribución, etc. Londres :
Nombre del editor, distribuidor, etc. Eugen Ulmer Stuttgart,
Fecha de publicación, distribución, etc. 1974.
300 ## - DESCRIPCION FISICA
Extensión 302 páginas
650 14 - ASIENTO SECUNDARIO DE MATERIA - TERMINO TEMATICO
Término temático o nombre geográfico como elemento de entrada Mariposas
9 (RLIN) 59603
650 24 - ASIENTO SECUNDARIO DE MATERIA - TERMINO TEMATICO
Término temático o nombre geográfico como elemento de entrada Mariposas
Subdivisión general Identificación
9 (RLIN) 59604
650 24 - ASIENTO SECUNDARIO DE MATERIA - TERMINO TEMATICO
Término temático o nombre geográfico como elemento de entrada Lepidópteros
9 (RLIN) 4756
650 24 - ASIENTO SECUNDARIO DE MATERIA - TERMINO TEMATICO
Término temático o nombre geográfico como elemento de entrada Insectos
9 (RLIN) 59606
942 ## - ELEMENTOS ADICIONALES (KOHA)
Tipo de ítem Libro
Sistema de clasificación Dewey Decimal Classification
Existencias
Withdrawn status Lost status Sistema de Clasificación Damaged status No para préstamo Colección Inventariado Ubicación Permanente Ubicación actual Fecha de adquisición Fuente de Valor Total Checkouts Número topográfico Inventario / Código de Barras Date last seen Date checked out Ejemplar Price effective from Forma de adquisición Tipo de material
    Dewey Decimal Classification     General Inventariado 2017 Bogotá Bogotá 07/06/2001 Amazon 1 LB-595.789 L67g 003625 11/10/2013 01/10/2013 Ej. 1 04/12/2012   Libro